000 00239nam a2200097Ia 4500
001 704274
005 20250826162407.0
008 250824s9999 xx 000 0 und d
245 0 _aÇOCUKLUĞUM
_cTOLSTOY
260 _bANTİK DÜNYA KLASİKLERİ
999 _c704274
_d704274